000 00446nam a2200157 4500
001 127542
003 ES-MaACL
005 20230906193031.0
007 t|
008 070214s1933 fr r ||||1| fre d
100 1 _aRist, Charles.
_997471
245 1 0 _aEssais sur quelques problemes economics et monetaires /
_cCharles Rist.
260 _aParis :
_bRecueil Sirey,
_c1933.
300 _aXVI, 501 p. ;
_c25 x 16 cm.
852 _aES-MaACL
_jA-3402
999 _c127542
_d127542